000
00330nam a2200133Ia 4500
008
240624s9999 xx 000 0 und d
041
_a
eng
082
_a
891.46 PHA
100
_a
PHADKE SUDHIR
245
_a
JAGACHYA PATHIVAR
260
_c
2003
_a
Pune
_b
Rajhans Prakashan
300
_a
viii, : 224 : p. : cm. ; 21
365
_c
RS
_b
20
999
_c
6905
_d
6905